| 000 | 00342 a2200133 4500 | ||
|---|---|---|---|
| 005 | 20250617150114.0 | ||
| 020 | _a978-1-119-07085-6 | ||
| 082 | _a005.133 SNE | ||
| 100 | _aSNEERINGER, L. | ||
| 245 | _aProfessional Python. | ||
| 260 |
_aNew York, _bJohn Wiley &son, Inc, _c2016. |
||
| 300 |
_a260p.: ill.; table _bIndex _c23cm. |
||
| 942 |
_2ddc _cBKS |
||
| 999 |
_c159 _d159 |
||